[Event "Mumbai Aurionpro U14 op"]
[Site "Mumbai"]
[Date "2025.06.17"]
[Round "2"]
[White "Vyom, Malhotra"]
[Black "Kushagra, Paliwal"]
[Result "1-0"]
[WhiteElo "1975"]
[BlackElo "1741"]
[PlyCount "106"]
[EventDate "2025.06.16"]
[EventType "swiss"]
[EventRounds "9"]
[EventCountry "IND"]
[SourceTitle "CB26_2025"]
[SourceDate "2025.06.25"]
[SourceVersion "1"]
[SourceVersionDate "2025.06.25"]
[SourceQuality "1"]

1. e4 c5 2. Be2 Nc6 3. d3 g6 4. f4 Bg7 5. Nf3 d6 6. 0-0 e6 7. c3 Nge7 8. Be3 0-0 9. Na3 b6 10. d4 Bb7 11. dxc5 dxc5 12. Qe1 a6 13. Qh4 Nc8 14. Qxd8 Rxd8 15. Rad1 Nd6 16. e5 Nf5 17. Bf2 Bf8 18. Nc4 b5 19. Nb6 Rxd1 20. Rxd1 Rd8 21. Nd7 c4 22. Bb6 Rc8 23. Ng5 Be7 24. Ne4 Nb8 25. Nef6+ Bxf6 26. Nxf6+ Kg7 27. Kf2 Ne7 28. Bf3 Bxf3 29. Kxf3 Ng8 30. Nxg8 Kxg8 31. Bd8 Nc6 32. Bf6 Rc7 33. g4 Kf8 34. Rd6 a5 35. a3 Rc8 36. Rd7 Ke8 37. Rb7 Rb8 38. Rc7 Nd8 39. Re7+ Kf8 40. Ke3 Rb7 41. Rxb7 Nxb7 42. a4 bxa4 43. Kd4 Ke8 44. Kxc4 Kd7 45. Kb5 h6 46. h4 Kc7 47. h5 Kd7 48. Kb6 Nd8 49. Bxd8 Kxd8 50. g5 Ke8 51. gxh6 Kf8 52. hxg6 fxg6 53. c4 Ke8 1-0

[Event "Titled Tuesday intern op 01st Apr Early"]
[Site "Chess.com INT"]
[Date "2025.04.01"]
[Round "6"]
[White "Sedaghati, Mehrdad"]
[Black "Vyom, Malhotra"]
[Result "1-0"]
[WhiteElo "2196"]
[BlackElo "1901"]
[PlyCount "89"]
[EventDate "2025.04.01"]
[EventType "swiss (blitz)"]
[EventRounds "11"]
[EventCountry "USA"]
[SourceTitle "CB15_2025"]
[SourceDate "2025.04.09"]
[SourceVersion "1"]
[SourceVersionDate "2025.04.09"]
[SourceQuality "1"]

1. e4 e5 2. Nf3 Nc6 3. Bc4 Nf6 4. d3 Bc5 5. c3 d6 6. Bg5 h6 7. Bh4 a6 8. 0-0 Ba7 9. Nbd2 g5 10. Bg3 Bg4 11. Qb3 Qd7 12. Qxb7 Rb8 13. Qxa6 Rb6 14. Qa4 Be6 15. b4 h5 16. b5 Nd8 17. Qxa7 h4 18. Bxe5 dxe5 19. Nxe5 Qd6 20. d4 g4 21. Bxe6 Qxe6 22. Qxc7 g3 23. d5 gxh2+ 24. Kh1 Rb7 25. Qxd8+ Kxd8 26. dxe6 fxe6 27. a4 Rg7 28. c4 Rhg8 29. a5 Rxg2 30. a6 Rg1+ 31. Rxg1 hxg1Q+ 32. Rxg1 Rxg1+ 33. Kxg1 Kc7 34. Ndf3 h3 35. Kh2 Nxe4 36. Kxh3 Nxf2+ 37. Kg3 Ne4+ 38. Kf4 Nc5 39. Nd4 Kb6 40. Kg5 Ne4+ 41. Kg6 Ka7 42. Nxe6 Nd6 43. Nc6+ Ka8 44. b6 Nb7 45. Nc7# 1-0

[Event "IND-chT 44th"]
[Site "Ahmedabad"]
[Date "2025.03.06"]
[Round "3.3"]
[White "Vyom, Malhotra"]
[Black "Anadkat, Kartavya"]
[Result "0-1"]
[WhiteElo "1901"]
[BlackElo "2175"]
[PlyCount "160"]
[EventDate "2025.03.05"]
[EventType "team-swiss"]
[EventRounds "9"]
[EventCountry "IND"]
[SourceTitle "CB12_2025"]
[SourceDate "2025.03.19"]
[SourceVersion "1"]
[SourceVersionDate "2025.03.19"]
[SourceQuality "1"]
[WhiteTeam "Haryana"]
[BlackTeam "Gujarat"]
[WhiteTeamCountry "IND"]
[BlackTeamCountry "IND"]

1. e4 e5 2. Nf3 Nc6 3. Bc4 Nf6 4. d3 h6 5. 0-0 Bc5 6. Nc3 a6 7. Be3 d6 8. a4 Bg4 9. Nd5 Nd4 10. Bxd4 Bxd4 11. c3 Ba7 12. Ne3 Bh5 13. Nf5 0-0 14. h3 c6 15. Qe2 Re8 16. Ng3 Bg6 17. Nh2 d5 18. Ba2 Qd6 19. Ng4 Rad8 20. Rad1 Nxg4 21. hxg4 Qf6 22. Qf3 Qxf3 23. gxf3 f6 24. Rfe1 Kf8 25. Kf1 Bf7 26. Nf5 Be6 27. d4 g6 28. exd5 cxd5 29. Ne3 exd4 30. cxd4 Re7 31. Bb1 Bf7 32. Ke2 Be8 33. b3 Rc7 34. Kd3 Bf7 35. Rc1 Rdc8 36. Rxc7 Rxc7 37. b4 Bb8 38. Ba2 Rd7 39. Rc1 Ke7 40. Rc8 Bf4 41. b5 axb5 42. axb5 Kd6 43. b6 Be6 44. Rc5 Bxe3 45. fxe3 Rg7 46. Rc1 h5 47. gxh5 gxh5 48. Bb1 h4 49. Rh1 h3 50. e4 Rg2 51. Ke3 Rb2 52. f4 dxe4 53. Bxe4 Rxb6 54. f5 Rb3+ 55. Kf4 Bd5 56. Rg1 Bxe4 57. Kxe4 h2 58. Rh1 Rh3 59. d5 Rh4+ 60. Kf3 Kxd5 61. Kg2 b5 62. Rd1+ Rd4 63. Rb1 Rd2+ 64. Kh1 Kc6 65. Rc1+ Kb6 66. Rc6+ Ka5 67. Rxf6 b4 68. Rf8 b3 69. Ra8+ Kb4 70. f6 Rf2 71. Rb8+ Kc3 72. Rc8+ Kb2 73. Rc6 Ka2 74. Ra6+ Kb1 75. Rc6 b2 76. Rb6 Kc1 77. Rc6+ Rc2 78. f7 b1Q 79. f8Q Kb2+ 80. Qf1 Qxf1# 0-1

[Event "Titled Tuesday intern op 25th Feb Early"]
[Site "Chess.com INT"]
[Date "2025.02.25"]
[Round "3"]
[White "Suder, Jakub"]
[Black "Vyom, Malhotra"]
[Result "0-1"]
[WhiteElo "2340"]
[BlackElo "1901"]
[PlyCount "122"]
[EventDate "2025.02.25"]
[EventType "swiss (blitz)"]
[EventRounds "11"]
[EventCountry "USA"]
[SourceTitle "CB10_2025"]
[SourceDate "2025.03.05"]
[SourceVersion "1"]
[SourceVersionDate "2025.03.05"]
[SourceQuality "1"]

1. d4 Nf6 2. c4 e6 3. Nc3 Bb4 4. a3 Bxc3+ 5. bxc3 0-0 6. f3 b6 7. e4 Ne8 8. f4 Bb7 9. Bd3 f5 10. Qe2 Qh4+ 11. g3 Qe7 12. Nf3 Nd6 13. e5 Ne4 14. Bb2 d6 15. 0-0 Nd7 16. Nd2 Nxd2 17. Qxd2 Rad8 18. Qe3 Qf7 19. Be2 dxe5 20. fxe5 Qg6 21. Qf4 Be4 22. Rad1 Rfe8 23. Bf3 Bxf3 24. Qxf3 Nf8 25. Rfe1 Qf7 26. d5 Ng6 27. d6 cxd6 28. exd6 e5 29. Qd5 Qxd5 30. Rxd5 Kf7 31. a4 Ke6 32. Ba3 e4 33. Red1 Rd7 34. c5 bxc5 35. Rxc5 Red8 36. Rcd5 Ne5 37. Kf1 Nc4 38. Bc5 Nxd6 39. Ke2 a6 40. Bb6 Nc4 41. Rxd7 Rxd7 42. Bd4 g6 43. Rb1 Kd5 44. Rb8 Nd6 45. Rb6 a5 46. h4 Kc4 47. Ke3 Kd5 48. Ke2 Kc4 49. Ke3 Kd5 50. Kf4 Kc4 51. Kg5 Kd3 52. Kf4 Nc4 53. Rb1 Kc2 54. Rb5 Kd3 55. Rb8 e3 56. Re8 e2 57. Kf3 Nd2+ 58. Kf2 Ne4+ 59. Ke1 Rb7 60. Rxe4 Rb1+ 61. Kf2 fxe4 0-1

[Event "Titled Tuesday intern op 25th Feb Early"]
[Site "Chess.com INT"]
[Date "2025.02.25"]
[Round "7"]
[White "Vyom, Malhotra"]
[Black "Mateus, Alejandro"]
[Result "1-0"]
[WhiteElo "1901"]
[BlackElo "2237"]
[PlyCount "97"]
[EventDate "2025.02.25"]
[EventType "swiss (blitz)"]
[EventRounds "11"]
[EventCountry "USA"]
[SourceTitle "CB10_2025"]
[SourceDate "2025.03.05"]
[SourceVersion "1"]
[SourceVersionDate "2025.03.05"]
[SourceQuality "1"]

1. e4 c5 2. Nf3 d6 3. d4 cxd4 4. Nxd4 Nf6 5. Nc3 a6 6. f3 e6 7. Be3 b5 8. a3 Nbd7 9. Be2 Bb7 10. Qd2 Nb6 11. 0-0 Be7 12. Rad1 Qc7 13. Nb3 Nc4 14. Bxc4 bxc4 15. Nd4 0-0 16. Qf2 Rab8 17. Qg3 Kh8 18. Nde2 Ba8 19. Rb1 Rfc8 20. Bd4 e5 21. Be3 d5 22. exd5 Nxd5 23. Nxd5 Bxd5 24. Nc3 Ba8 25. Kh1 Bc5 26. Bc1 Bd4 27. Ne2 Ba7 28. Nc3 f6 29. Ne4 Qe7 30. Bd2 Rd8 31. Bb4 Qe6 32. Rfd1 Bxe4 33. fxe4 Qc6 34. Qf3 Rd4 35. Rxd4 Bxd4 36. h3 a5 37. Bxa5 Rxb2 38. Rxb2 Bxb2 39. Bb4 c3 40. Qd3 h6 41. Qd8+ Kh7 42. Qd3 Qc7 43. Bf8 Qf7 44. Bb4 Qa2 45. Qd7 Qc4 46. Qf5+ Kh8 47. Bf8 Qe2 48. Kh2 Bc1 49. Qc8 1-0

[Event "Titled Tuesday intern op 25th Feb Early"]
[Site "Chess.com INT"]
[Date "2025.02.25"]
[Round "2"]
[White "Vyom, Malhotra"]
[Black "Taboas Rodriguez, Daniel"]
[Result "0-1"]
[WhiteElo "1901"]
[BlackElo "2334"]
[PlyCount "176"]
[EventDate "2025.02.25"]
[EventType "swiss (blitz)"]
[EventRounds "11"]
[EventCountry "USA"]
[SourceTitle "CB10_2025"]
[SourceDate "2025.03.05"]
[SourceVersion "1"]
[SourceVersionDate "2025.03.05"]
[SourceQuality "1"]

1. e4 e5 2. Nf3 Nc6 3. Bc4 Bc5 4. d3 Nf6 5. Nc3 d6 6. Na4 Bb6 7. a3 Be6 8. Bxe6 fxe6 9. Nxb6 axb6 10. 0-0 0-0 11. Re1 Qe8 12. c3 Qg6 13. h3 Nh5 14. Nh2 Nf4 15. Bxf4 Rxf4 16. Re3 Raf8 17. Rg3 Qf7 18. Ng4 Kh8 19. Qe2 h5 20. Ne3 Rxf2 21. Qd1 g6 22. Nf5 Rxb2 23. Nh4 Ne7 24. Qc1 Qf4 25. Qxf4 exf4 26. Nxg6+ Nxg6 27. Rxg6 Rg8 28. Rxg8+ Kxg8 29. a4 Rb3 30. Rc1 Ra3 31. Kf2 Rxa4 32. Kf3 e5 33. g3 fxg3 34. Kxg3 Ra2 35. Kh4 Rd2 36. Kxh5 Rxd3 37. h4 Re3 38. Rg1+ Kh7 39. Rf1 Kg7 40. Rg1+ Kf6 41. Rf1+ Ke6 42. Kg6 Rxe4 43. Rf6+ Ke7 44. Rf7+ Ke6 45. Rf6+ Kd5 46. h5 Rg4+ 47. Kf5 Rf4+ 48. Kg6 Rxf6+ 49. Kxf6 e4 50. h6 e3 51. h7 e2 52. h8Q e1Q 53. Qg8+ Kc5 54. Qd8 Qxc3+ 55. Kg6 Qd3+ 56. Kf6 Qf3+ 57. Kg5 Qe3+ 58. Kg4 Qe4+ 59. Kg3 Qc6 60. Qe7 b5 61. Qe3+ Kc4 62. Qe2+ Kd5 63. Qf3+ Ke6 64. Qg4+ Kf6 65. Qh4+ Ke5 66. Qg5+ Kd4 67. Qd2+ Kc4 68. Qc2+ Kb4 69. Qb2+ Ka5 70. Qa3+ Kb6 71. Qe3+ Qc5 72. Qh6 Qe5+ 73. Kf3 b4 74. Qf8 b3 75. Qa8 b2 76. Qa2 Qf5+ 77. Ke3 b1Q 78. Qxb1+ Qxb1 79. Kf4 d5 80. Kg5 Qe4 81. Kf6 d4 82. Kf7 d3 83. Kg7 d2 84. Kf8 d1Q 85. Kf7 Qdf3+ 86. Kg7 Qeg4+ 87. Kh7 Qfg3 88. Kh8 Q3h3# 0-1

[Event "Titled Tuesday intern op 11th Feb Early"]
[Site "Chess.com INT"]
[Date "2025.02.11"]
[Round "3"]
[White "Novikov, Evgenij"]
[Black "Vyom, Malhotra"]
[Result "1-0"]
[WhiteElo "2276"]
[BlackElo "1901"]
[PlyCount "95"]
[EventDate "2025.02.11"]
[EventType "swiss (blitz)"]
[EventRounds "11"]
[EventCountry "USA"]
[SourceTitle "CB09_2025"]
[SourceDate "2025.02.27"]
[SourceVersion "1"]
[SourceVersionDate "2025.02.27"]
[SourceQuality "1"]

1. g4 d6 2. Bg2 Nc6 3. d4 Bxg4 4. d5 Ne5 5. f4 Ng6 6. h3 Bd7 7. e4 Nh4 8. Bf1 e5 9. dxe6 Bxe6 10. Nf3 Nxf3+ 11. Qxf3 Qh4+ 12. Kd1 0-0-0 13. f5 d5 14. e5 Bd7 15. Bd3 Qd4 16. Re1 Ne7 17. e6 fxe6 18. fxe6 Bb5 19. Nc3 Bxd3 20. cxd3 Qb6 21. Kc2 Nc6 22. Kb1 Bb4 23. Bd2 Rhf8 24. Qg4 Kb8 25. a3 Bxc3 26. Bxc3 d4 27. Bb4 Nxb4 28. e7 Nxd3 29. exd8Q+ Rxd8 30. Re2 h5 31. Qxh5 Nf4 32. Qg5 Qd6 33. Rd2 Ne6 34. Qg4 Rf8 35. Qe2 Qd5 36. Rd1 Nc5 37. Re1 d3 38. Qe8+ Qd8 39. Qxd8+ Rxd8 40. b4 Nb3 41. Ra2 d2 42. Rd1 a5 43. Rb2 a4 44. Rc2 b5 45. Kb2 Kb7 46. Rc3 c6 47. Rg3 Rd7 48. h4 1-0

[Event "Titled Tuesday intern op 04th Feb Early"]
[Site "Chess.com INT"]
[Date "2025.02.04"]
[Round "10"]
[White "Vyom, Malhotra"]
[Black "Morera Campos, Hazel Maria"]
[Result "1-0"]
[WhiteElo "1901"]
[BlackElo "1988"]
[PlyCount "91"]
[EventDate "2025.02.04"]
[EventType "swiss (blitz)"]
[EventRounds "11"]
[EventCountry "USA"]
[SourceTitle "CB07_2025"]
[SourceDate "2025.02.12"]
[SourceVersion "1"]
[SourceVersionDate "2025.02.12"]
[SourceQuality "1"]

1. e4 c6 2. Nf3 d5 3. Nc3 dxe4 4. Nxe4 Nf6 5. Qe2 Nxe4 6. Qxe4 Be6 7. c4 Nd7 8. d4 Nf6 9. Qd3 Bg4 10. Be2 Bxf3 11. Bxf3 e6 12. 0-0 Bd6 13. Be3 0-0 14. Rad1 Qc7 15. h3 Bf4 16. Rfe1 Bxe3 17. fxe3 Rad8 18. Qb3 Rd7 19. e4 Rfd8 20. d5 cxd5 21. cxd5 exd5 22. exd5 Qc5+ 23. Kh1 h6 24. d6 Rxd6 25. Rxd6 Rxd6 26. Qxb7 Qb6 27. Qxb6 axb6 28. Re2 g6 29. Kh2 Kg7 30. b4 Nd7 31. Rb2 Ne5 32. Be2 Nc6 33. a4 Rd4 34. b5 Ne5 35. a5 bxa5 36. b6 Rd8 37. b7 Rb8 38. Ba6 Nd7 39. Rc2 Nb6 40. Rc8 Nxc8 41. bxc8Q Rxc8 42. Bxc8 a4 43. Ba6 a3 44. Bc4 Kf6 45. Kg3 Ke5 46. Bxf7 1-0

[Event "IND-ch U11 37th"]
[Site "Hyderabad"]
[Date "2024.10.05"]
[Round "3"]
[White "Vyom, Malhotra"]
[Black "Kartikeya, Chunchu"]
[Result "1/2-1/2"]
[WhiteElo "2023"]
[BlackElo "1645"]
[PlyCount "123"]
[EventDate "2024.10.04"]
[EventType "swiss"]
[EventRounds "11"]
[EventCountry "IND"]
[SourceTitle "CB47_2024"]
[SourceDate "2024.11.20"]
[SourceVersion "1"]
[SourceVersionDate "2024.11.20"]
[SourceQuality "1"]

1. e4 c6 2. Nf3 d5 3. Nc3 dxe4 4. Nxe4 Nf6 5. Qe2 Nxe4 6. Qxe4 Be6 7. c4 g6 8. Qe5 Rg8 9. d4 Bg7 10. Qf4 Qd6 11. Be2 Na6 12. Qxd6 exd6 13. Bf4 Kd7 14. 0-0 h6 15. h4 Nc7 16. Rfd1 f6 17. Nd2 g5 18. hxg5 fxg5 19. Bh2 Bf5 20. Nb3 Rae8 21. Bh5 Re7 22. c5 d5 23. Re1 Rxe1+ 24. Rxe1 Ne6 25. Be5 Bxe5 26. Rxe5 Ng7 27. Na5 Be6 28. Bg6 Rb8 29. g3 b6 30. Nb3 Rf8 31. a4 Bf5 32. Bxf5+ Rxf5 33. Re3 Ne6 34. cxb6 axb6 35. Rc3 g4 36. Kg2 Ng5 37. a5 bxa5 38. Nxa5 Rf6 39. Nb3 Nh3 40. Nc5+ Kd6 41. f4 gxf3+ 42. Rxf3 Rxf3 43. Kxf3 Ng1+ 44. Kf2 Nh3+ 45. Kf3 Ng1+ 46. Kf2 Nh3+ 47. Kg2 Ng5 48. g4 Ne6 49. Nxe6 Kxe6 50. Kf3 Kf6 51. Kf4 Kg6 52. b3 Kf6 53. b4 Ke6 54. Ke3 Kf6 55. Kf4 Ke6 56. Kg3 Kf6 57. Kh3 Kf7 58. Kg2 Kg6 59. Kf3 Kf6 60. Kf4 Ke6 61. Kf3 Kf6 62. Kf4 1/2-1/2

[Event "GEO World Cup Final U10"]
[Site "Batumi"]
[Date "2024.07.02"]
[Round "5"]
[White "Vyom, Malhotra"]
[Black "Zhauynbay, Alimzhan"]
[Result "1-0"]
[WhiteElo "1803"]
[BlackElo "1917"]
[PlyCount "145"]
[EventDate "2024.07.01"]
[EventType "match"]
[EventRounds "5"]
[EventCountry "GEO"]
[SourceTitle "EXT 2025"]
[Source "ChessBase"]
[SourceDate "2024.10.14"]
[SourceVersion "1"]
[SourceVersionDate "2024.10.14"]
[SourceQuality "1"]

1. e4 c5 2. Nc3 d6 3. f4 g6 4. Nf3 Bg7 5. Bc4 Nc6 6. d3 e6 7. 0-0 Nge7 8. a4 0-0 9. Qe1 Nd4 10. Qf2 Nec6 11. Be3 a6 12. Kh1 Nxf3 13. Qxf3 Nd4 14. Qf2 Bd7 15. a5 b5 16. axb6 Qxb6 17. Ra2 a5 18. Nd1 a4 19. c3 Nb3 20. Ra3 Qb7 21. Bxb3 axb3 22. Rxa8 Rxa8 23. e5 Qa6 24. exd6 Qxd6 25. Bxc5 Qxd3 26. Ne3 Bc6 27. Rd1 Qe4 28. h3 h5 29. Bd4 Bh6 30. Be5 Bf8 31. Rd4 Qb1+ 32. Rd1 Qe4 33. Rd4 Qb1+ 34. Kh2 Bc5 35. Rc4 Ra5 36. Rxc5 Rxc5 37. Qh4 Qd3 38. Qf6 Kf8 39. Qh8+ Ke7 40. Bf6+ Kd6 41. Qf8+ Kc7 42. Qxc5 Qe2 43. Be5+ Kb7 44. Qb4+ Ka6 45. Qc4+ Bb5 46. Qxe2 Bxe2 47. Kg3 Kb5 48. Kf2 Bd3 49. Ke1 Kc5 50. Kd2 Be4 51. Bd4+ Kc6 52. Nc4 Kd5 53. Nb6+ Kc6 54. g3 h4 55. gxh4 Bg2 56. Nc4 Kd7 57. Na5 Bxh3 58. Nxb3 Bg2 59. Nc5+ Kc6 60. b4 Kb5 61. Nd7 Bc6 62. Ne5 Be8 63. Kd3 f6 64. Nf3 f5 65. Ne5 Ka4 66. Kc4 Bb5+ 67. Kc5 Be8 68. c4 Kb3 69. b5 Kc2 70. b6 Kb3 71. b7 Ka4 72. b8Q Ka5 73. Qa7# 1-0

[Event "GEO World Cup Final U10"]
[Site "Batumi"]
[Date "2024.07.02"]
[Round "3"]
[White "Zhauynbay, Alimzhan"]
[Black "Vyom, Malhotra"]
[Result "0-1"]
[WhiteElo "1917"]
[BlackElo "1803"]
[PlyCount "104"]
[EventDate "2024.07.01"]
[EventType "match"]
[EventRounds "5"]
[EventCountry "GEO"]
[SourceTitle "EXT 2025"]
[Source "ChessBase"]
[SourceDate "2024.10.14"]
[SourceVersion "1"]
[SourceVersionDate "2024.10.14"]
[SourceQuality "1"]

1. e4 e5 2. Nf3 Nf6 3. Nxe5 Nc6 4. Nxc6 dxc6 5. d3 Bc5 6. Be2 h5 7. c3 Bb6 8. a4 a5 9. h3 Be6 10. Nd2 c5 11. e5 Nd5 12. Nf3 Qd7 13. Bd2 0-0-0 14. Qc2 Bf5 15. Qb3 Ne7 16. 0-0-0 Be6 17. Qa3 Nd5 18. Ng5 Bf5 19. Ne4 Qe6 20. f4 h4 21. Nxc5 Bxc5 22. Qxc5 Nb6 23. Be3 Qb3 24. Qxa5 Nc4 25. Qa8+ Kd7 26. dxc4+ Ke6 27. Rd2 Rxd2 28. Qa6+ bxa6 29. Kxd2 Qxb2+ 30. Ke1 Qxc3+ 31. Kf2 Rd8 32. c5 Qc2 33. a5 Bd3 34. Re1 Bxe2 35. Rxe2 Qa4 36. Kf3 Qxa5 37. Kg4 Qb5 38. f5+ Kd7 39. Rf2 Ke8 40. e6 Qc4+ 41. Rf4 Qe2+ 42. Rf3 fxe6 43. fxe6 Rd3 44. Kf4 Ke7 45. Ke4 Kxe6 46. Kf4 a5 47. Ke4 a4 48. c6 a3 49. Kf4 a2 50. Bd4 Rxd4+ 51. Kg5 Qe5+ 52. Rf5 Qxf5# 0-1

[Event "GEO World Cup Final U10"]
[Site "Batumi"]
[Date "2024.07.01"]
[Round "1"]
[White "Zhauynbay, Alimzhan"]
[Black "Vyom, Malhotra"]
[Result "0-1"]
[WhiteElo "1917"]
[BlackElo "1803"]
[PlyCount "100"]
[EventDate "2024.07.01"]
[EventType "match"]
[EventRounds "5"]
[EventCountry "GEO"]
[SourceTitle "EXT 2025"]
[Source "ChessBase"]
[SourceDate "2024.10.14"]
[SourceVersion "1"]
[SourceVersionDate "2024.10.14"]
[SourceQuality "1"]

1. e4 e5 2. Nf3 Nc6 3. d4 exd4 4. Nxd4 Nf6 5. Nxc6 bxc6 6. Qe2 Rb8 7. Nc3 Bb4 8. a3 Bxc3+ 9. bxc3 0-0 10. e5 Re8 11. Bg5 d6 12. 0-0-0 d5 13. f4 Qe7 14. Kd2 Bg4 15. Qxg4 Nxg4 16. Bxe7 Rxe7 17. Bd3 c5 18. Rb1 Rbe8 19. Bf5 Nh6 20. Bh3 f6 21. e6 f5 22. Rhe1 c6 23. g3 g6 24. a4 Kg7 25. a5 Kf6 26. a6 Rxe6 27. Rxe6+ Kxe6 28. Rb7 Re7 29. Rb8 Nf7 30. Rc8 Nd6 31. Rb8 Ne4+ 32. Kc1 Nxc3 33. Rc8 Kd6 34. Ra8 c4 35. Rb8 Na4 36. g4 fxg4 37. Bxg4 Nc5 38. Rd8+ Kc7 39. Rh8 Nxa6 40. f5 Rf7 41. fxg6 hxg6 42. Rg8 Rf6 43. h4 c3 44. Kd1 Nb4 45. Rg7+ Kb6 46. Bd7 d4 47. Be8 d3 48. Rf7 dxc2+ 49. Kc1 Re6 50. Rf1 Re2 0-1

[Event "GEO World Cup-A U10"]
[Site "Batumi"]
[Date "2024.06.26"]
[Round "4"]
[White "Vyom, Malhotra"]
[Black "Bolashakov, Nurali"]
[Result "1-0"]
[WhiteElo "1803"]
[BlackElo "1843"]
[PlyCount "93"]
[EventDate "2024.06.23"]
[EventType "swiss"]
[EventRounds "7"]
[EventCountry "GEO"]
[SourceTitle "EXT 2025"]
[Source "ChessBase"]
[SourceDate "2024.10.14"]
[SourceVersion "1"]
[SourceVersionDate "2024.10.14"]
[SourceQuality "1"]

1. e4 c5 2. Nc3 Nc6 3. f4 g6 4. Nf3 Bg7 5. a3 e6 6. b4 d5 7. e5 f6 8. Bb5 Bd7 9. Bxc6 Bxc6 10. d4 cxd4 11. Qxd4 Nh6 12. Ne2 0-0 13. Ng3 Bb5 14. a4 Bc4 15. Bb2 Rf7 16. Qd2 Ng4 17. h3 Nh6 18. Kf2 Qc7 19. Rhe1 Raf8 20. Kg1 fxe5 21. Bxe5 Bxe5 22. fxe5 Nf5 23. Nxf5 Rxf5 24. Qe3 Qe7 25. c3 b6 26. a5 bxa5 27. Rxa5 a6 28. Nd4 Rf4 29. Qg3 Qf7 30. Nf3 Bb5 31. Kh2 Qd7 32. Nd4 R8f7 33. Rea1 Qe7 34. Rxa6 Bxa6 35. Rxa6 Qb7 36. Rxe6 Qc8 37. Rc6 Qe8 38. e6 R7f6 39. b5 h5 40. Rc7 Qb8 41. b6 h4 42. Qg5 Qxb6 43. e7 Re4 44. Qxd5+ Kg7 45. e8N+ Kf8 46. Qxe4 Rd6 47. Qe7+ 1-0

[Event "IND-ch U11"]
[Site "Visakhapatnam"]
[Date "2023.10.04"]
[Round "7"]
[White "Vyom, Malhotra"]
[Black "Aadik, Theophane Lenin"]
[Result "0-1"]
[WhiteElo "1471"]
[BlackElo "1604"]
[PlyCount "130"]
[EventDate "2023.10.01"]
[EventType "swiss"]
[EventRounds "11"]
[EventCountry "IND"]
[SourceTitle "EXT 2025"]
[Source "ChessBase"]
[SourceDate "2024.10.14"]
[SourceVersion "1"]
[SourceVersionDate "2024.10.14"]
[SourceQuality "1"]

1. e4 c5 2. Nc3 Nc6 3. f4 g6 4. Nf3 Bg7 5. Bb5 Nd4 6. 0-0 e6 7. e5 a6 8. Bd3 Nxf3+ 9. Qxf3 d5 10. exd6 Qxd6 11. b3 Nf6 12. Ba3 Qc7 13. Rae1 0-0 14. Ne4 Nxe4 15. Bxe4 Rd8 16. Qe2 Rb8 17. c3 Qa5 18. Bc1 Qxa2 19. Qc4 Bd7 20. Qxc5 Qxb3 21. Rf3 Qb5 22. Qf2 Bc6 23. Bxc6 Qxc6 24. Ba3 a5 25. Rh3 b5 26. Be7 Rd5 27. Re5 Re8 28. Rxd5 Qxd5 29. Bc5 a4 30. Bb4 Qb3 31. Bc5 a3 32. Re3 a2 33. Re1 Qb2 34. Qf1 Ra8 35. Ra1 Qxd2 36. Qf3 Rc8 37. Qf2 Qxc3 38. Rxa2 Qxc5 39. Qxc5 Rxc5 40. Ra8+ Bf8 41. Kf2 Kg7 42. Ke3 Rc2 43. Rb8 b4 44. Kd4 Rxg2 45. Ke5 Rxh2 46. f5 Re2+ 47. Kd4 exf5 48. Kd5 h5 49. Kc4 h4 50. Ra8 h3 51. Ra1 f4 52. Rh1 h2 53. Kd3 f3 54. Kc4 g5 55. Kb3 g4 56. Kc4 g3 57. Ra1 g2 58. Rb1 h1Q 59. Rxh1 gxh1Q 60. Kb5 f2 61. Kc4 f1Q 62. Kb5 Re5+ 63. Kb6 Qb5+ 64. Kc7 Qhb7+ 65. Kd8 Be7# 0-1